Načítá se...

Parliamentary control of public administration in India

Podrobná bibliografie
Hlavní autor: Narain,Udai
Médium: Printed Book
Jazyk:English
Vydáno: Allahabad Chugh publication 1981
Témata:
LEADER 00529nam a22001577a 4500
003 OSt
008 100122t xxu||||| |||| 00| 0 eng d
080 |a 342.53  |b NAR 
100 |a Narain,Udai  |9 9908 
245 |a Parliamentary control of public administration in India 
260 |a Allahabad  |b Chugh publication  |c 1981 
300 |a 484p. 
653 |a Parliamentary law-India 
942 |c BK  |6 _ 
999 |c 191882  |d 191882 
952 |0 0  |1 0  |4 0  |6 34253_NAR  |7 0  |9 247337  |a SLS  |b SLS  |d 2010-01-22  |l 1  |o 342.53 NAR  |p SLS012184  |r 2014-11-27  |s 2014-10-30  |w 2010-01-22  |y BK